Managing your personal finances (Record no. 8002)

MARC details
000 -LEADER
fixed length control field 00610nam a22002057a 4500
003 - CONTROL NUMBER IDENTIFIER
control field OSt
005 - DATE AND TIME OF LATEST TRANSACTION
control field 20220824105401.0
008 - FIXED-LENGTH DATA ELEMENTS--GENERAL INFORMATION
fixed length control field 220824b ||||| |||| 00| 0 eng d
020 ## - INTERNATIONAL STANDARD BOOK NUMBER
International Standard Book Number 9781305076815
040 ## - CATALOGING SOURCE
Transcribing agency ddc
082 ## - DEWEY DECIMAL CLASSIFICATION NUMBER
Classification number 332.02 RYA 2016
100 ## - MAIN ENTRY--PERSONAL NAME
Personal name Ryan, Joan S; Ryan, Christie
9 (RLIN) 16246
245 ## - TITLE STATEMENT
Title Managing your personal finances
250 ## - EDITION STATEMENT
Edition statement 7thed.
260 ## - PUBLICATION, DISTRIBUTION, ETC. (IMPRINT)
Place of publication, distribution, etc. Mason, Ohio :
Name of publisher, distributor, etc. Thomson/South-Western Pub. Co.,
Date of publication, distribution, etc. c2006
300 ## - PHYSICAL DESCRIPTION
Extent xiii, 748 p. :
Other physical details ill. ;
Dimensions 27 cm
504 ## - BIBLIOGRAPHY, ETC. NOTE
Bibliography, etc Includes index
650 ## - SUBJECT ADDED ENTRY--TOPICAL TERM
Topical term or geographic name as entry element Finance, Personal -- Study and teaching (Secondary)
9 (RLIN) 16247
942 ## - ADDED ENTRY ELEMENTS (KOHA)
Source of classification or shelving scheme Dewey Decimal Classification
Koha item type Book
Holdings
Withdrawn status Lost status Source of classification or shelving scheme Damaged status Not for loan Home library Current library Date acquired Source of acquisition Total Checkouts Full call number Barcode Date last seen Price effective from Koha item type
    Dewey Decimal Classification     Faculty of Management Science Library MUST Main Library 24/08/2022 Purchase   332.02 RYA 2016 2022-7939 24/08/2022 24/08/2022 Book